000 00445nam a22001577a 4500
005 20251108174904.0
008 250721s2010 xx 000 0 ara d
082 1 4 _a960/شعر
100 1 _aشعراوي، حلمي
_eمؤلف
245 1 0 _aأفريقيا من قرن الى قرن /
264 1 _aمصر :
_bمكتبة جزيرة الورد،
_c2010.
300 _a600ص.
650 1 7 _aافريقيا
942 _2ddc
_cBK
999 _c120703
_d120703